Redefining zero (Record no. 82315)

MARC details
000 -LEADER
fixed length control field 01312cad a22002535a 4500
001 - CONTROL NUMBER
control field L149903
008 - FIXED-LENGTH DATA ELEMENTS--GENERAL INFORMATION
fixed length control field 100514e2010 xxk 000 0 eng d
035 ## - SYSTEM CONTROL NUMBER
System control number (Sirsi) u149903
041 0# - LANGUAGE CODE
Language code of text/sound track or separate title eng
050 ## - LIBRARY OF CONGRESS CALL NUMBER
Classification number 333.72 $2 18
100 1# - MAIN ENTRY--PERSONAL NAME
Personal name Sturgis, Simon
110 2# - MAIN ENTRY--CORPORATE NAME
Corporate name or jurisdiction name as entry element Royal Institution of Chartered Surveyors
9 (RLIN) 4900
245 00 - TITLE STATEMENT
Title Redefining zero
Remainder of title carbon profiling as a solution to whole life carbon emission measurement in buildings
Medium [electronic resource]
260 ## - PUBLICATION, DISTRIBUTION, ETC.
Place of publication, distribution, etc. London
Name of publisher, distributor, etc. RICS
Date of publication, distribution, etc. 2010
490 ## - SERIES STATEMENT
Series statement RICS Research
520 ## - SUMMARY, ETC.
Summary, etc. The whole life carbon dioxide emissions of commercial buildings has problems arising due to current UK construction legislation because the significant amounts of carbon used to make and maintain a building are ignored; proposes a solution to correct this problem through the use of a new, simple carbon metric known as Carbon Profiling which quantifies all sources of emissions associated with buildings.
590 ## - LOCAL NOTE (RLIN)
Local note KA NTK
651 #4 - SUBJECT ADDED ENTRY--GEOGRAPHIC NAME
Geographic name United Kingdom
Chronological subdivision
690 ## - LOCAL SUBJECT ADDED ENTRY--TOPICAL TERM (OCLC, RLIN)
Topical term or geographic name as entry element BUILT ENVIRONMENT-SUSTAINABLE CONSTRUCTION
700 1# - ADDED ENTRY--PERSONAL NAME
Personal name Roberts, Gareth
710 ## - ADDED ENTRY--CORPORATE NAME
Corporate name or jurisdiction name as entry element Sturgis Associates
856 48 - ELECTRONIC LOCATION AND ACCESS
Uniform Resource Identifier <a href="https://www.building.co.uk/Journals/Builder_Group/Building/30_April_2010/attachments/724_Carbon_Profiling_VIEW.pdf">https://www.building.co.uk/Journals/Builder_Group/Building/30_April_2010/attachments/724_Carbon_Profiling_VIEW.pdf</a>
Public note View the website free of charge at www.rics.org
942 ## - ADDED ENTRY ELEMENTS (KOHA)
Suppress in OPAC 0
Holdings
Withdrawn status Lost status Source of classification or shelving scheme Damaged status Not for loan Home library Current library Shelving location Date acquired Total Checkouts Full call number Barcode Date last seen Copy number Price effective from Koha item type
    Dewey Decimal Classification     Virtual Virtual Online 14/05/2010   ONLINE PUBLICATION 149903-2001 06/08/2019 1 06/08/2019 Online material